UBT Library

Hyperincursivity : (Record no. 401)

000 -LEADER
fixed length control field 00716nam a22002297a 4500
005 - DATE AND TIME OF LATEST TRANSACTION
control field 20140328101638.0
008 - FIXED-LENGTH DATA ELEMENTS--GENERAL INFORMATION
fixed length control field 931021s1992 be a b 000 0 eng
020 ## - INTERNATIONAL STANDARD BOOK NUMBER
International Standard Book Number 2870141718
041 0# - LANGUAGE CODE
Language code of text/sound track or separate title eng
080 ## - UNIVERSAL DECIMAL CLASSIFICATION NUMBER
Universal Decimal Classification number 511.3
100 1# - Rafti
Rafti Dubois, Daniel.
245 10 - TITLE STATEMENT
Title Hyperincursivity :
Statement of responsibility, etc Daniel Dubois, Germano Resconi ; foreword by Ian Larsen ; postface by Maurice Jessel.
250 ## -
-- 1st ed.
260 ## -
-- Liège :
-- Presses universitaires de Liège,
-- 1992.
300 ## -
-- 260 f. :
-- me il. ;
-- 24 cm.
504 ## - BIBLIOGRAPHY, ETC. NOTE
Bibliography, etc Bibliography : f. [253]-258.
650 #0 -
-- Matematika
650 #0 -
-- Teoria e numrave
650 #0 -
-- Teoria e sistemit
700 1# -
-- Resconi, Germano.
942 ## - ADDED ENTRY ELEMENTS (KOHA)
Source of classification or shelving scheme
Item type Books
Holdings
Withdrawn status Lost status Source of classification or shelving scheme Damaged status Not for loan Collection code Permanent location Current location Shelving location Date acquired Total Checkouts Full call number Barcode Date last seen Date last borrowed Koha item type
          Koleksioni i përgjithshem UBT - Prishtine UBT - Prishtine Koleksioni i përgjithshem 02/25/2014 1 511.3 DUB 001-000536 03/06/2014 03/06/2014 Books
UBT Library © 2015-2024. All rights reserved University Education for Business and Technology